[Event "22nd ch-EUR Indiv 2022"]
[Site "Terme Catez SLO"]
[Date "2022.03.31"]
[Round "5.71"]
[White "Halkias, Stelios"]
[Black "O'Gorman, Tom"]
[Result "0-1"]
[WhiteTitle "GM"]
[BlackTitle "FM"]
[WhiteElo "2527"]
[BlackElo "2357"]
[WhiteFideId "4201809"]
[BlackFideId "2508249"]
[EventDate "2022.03.27"]

1. e4 c5 2. Nf3 d6 3. Bb5+ Bd7 4. Bxd7+ Nxd7 5. O-O Ngf6 6. Re1 e6 7. c3 Be7 8.
d4 O-O 9. e5 Nd5 10. c4 N5b6 11. exd6 Bxd6 12. b3 e5 13. dxe5 Nxe5 14. Nc3 Qf6
15. Ng5 Rad8 16. Nge4 Qg6 17. Nd5 Nxd5 18. cxd5 Rfe8 19. Bf4 Bf8 20. Bg3 Nc6 21.
f3 Nd4 22. Bc7 Rd7 23. d6 f5 24. Ng3 Bxd6 25. Bxd6 Rxd6 26. Rxe8+ Qxe8 27. Qd3
Qe5 28. Rc1 b6 29. Kf1 Re6 30. Rd1 h5 31. Kg1 h4 32. Nf1 Qe2 33. Qxe2 Rxe2 34.
Rd2 h3 35. Rxe2 Nxe2+ 36. Kf2 hxg2 37. Kxg2 Nc1 38. Ne3 g6 39. Nd5 Nxa2 40. Ne7+
Kg7 41. Nc8 Nc1 42. Nxa7 Nxb3 43. Nc8 c4 0-1

[Event "22nd ch-EUR Indiv 2022"]
[Site "Terme Catez SLO"]
[Date "2022.03.31"]
[Round "5.72"]
[White "Risteski, Emil"]
[Black "Nesterov, Arseniy"]
[Result "0-1"]
[WhiteTitle "FM"]
[BlackTitle "GM"]
[WhiteElo "2374"]
[BlackElo "2522"]
[WhiteFideId "15005267"]
[BlackFideId "24198455"]
[EventDate "2022.03.27"]

1. e4 e6 2. d4 d5 3. Nd2 c5 4. Ngf3 cxd4 5. Nxd4 Nc6 6. Bb5 Bd7 7. Nxc6 bxc6 8.
Bd3 Bd6 9. Qe2 Qb8 10. c4 Nf6 11. g3 O-O 12. O-O Re8 13. Rb1 a5 14. b3 e5 15. f3
dxe4 16. Nxe4 Nxe4 17. Bxe4 f5 18. Bc2 Bc5+ 19. Be3 Bd4 20. Qf2 Qb6 21. Rfe1 c5
22. f4 exf4 23. Qxf4 Rxe3 24. Rxe3 Re8 25. Re1 g5 26. Qxg5+ Qg6 27. Qf4 Qg4 28.
Qxg4+ fxg4 29. Kf2 Kg7 30. a4 h6 31. Re2 Kf6 32. Re1 Bc6 33. Bd3 Kg5 34. Bc2 h5
35. Bd3 h4 36. Bc2 Bf3 37. Bd3 Re6 38. Bc2 hxg3+ 39. hxg3 Rh6 40. Re2 Bxe2 0-1

[Event "22nd ch-EUR Indiv 2022"]
[Site "Terme Catez SLO"]
[Date "2022.03.31"]
[Round "5.74"]
[White "Sivuk, Vitaly"]
[Black "Gaal, Zsoka"]
[Result "1-0"]
[WhiteTitle "GM"]
[BlackTitle "WIM"]
[WhiteElo "2518"]
[BlackElo "2336"]
[WhiteFideId "14116502"]
[BlackFideId "777765"]
[EventDate "2022.03.27"]

1. e4 c6 2. d4 d5 3. e5 Bf5 4. h4 h5 5. Bd3 Bxd3 6. Qxd3 Qa5+ 7. Nd2 e6 8. Nf3
Nh6 9. O-O Nf5 10. a4 Be7 11. Nb3 Qa6 12. Qd1 Nd7 13. g3 c5 14. dxc5 Nxc5 15.
Nbd4 Nxd4 16. Nxd4 Qb6 17. Kg2 a6 18. Re1 g6 19. c3 Rc8 20. a5 Qc7 21. Bf4 Kf8
22. Qf3 Kg7 23. Qe3 Nd7 24. Rec1 b6 25. axb6 Qxb6 26. Ra2 a5 27. b3 Rc5 28. Rac2
Qb7 29. Re2 Qa6 30. Bg5 Bxg5 31. Qxg5 Qc8 32. Ra1 Qd8 33. Qd2 Qb6 34. Re3 Qc7
35. Rae1 Rc8 36. R1e2 Qd8 37. Rf3 Qe7 38. Ree3 Ra8 39. Rf4 a4 40. bxa4 Rc4 41.
Qe2 Nc5 42. a5 Na4 43. Qd2 Nc5 44. Ref3 Ne4 45. Rxf7+ Qxf7 46. Rxf7+ Kxf7 47.
Qh6 Rg8 48. a6 Ra4 49. Qf4+ Ke7 50. Nc6+ Ke8 51. Qh6 Kf7 52. Qh7+ Rg7 53. Nd8+ 1-0

[Event "22nd ch-EUR Indiv 2022"]
[Site "Terme Catez SLO"]
[Date "2022.03.31"]
[Round "5.75"]
[White "Brunello, Sabino"]
[Black "Ortega Ruiz, Jose Miguel"]
[Result "1-0"]
[WhiteTitle "GM"]
[BlackTitle "FM"]
[WhiteElo "2508"]
[BlackElo "2331"]
[WhiteFideId "813613"]
[BlackFideId "2209713"]
[EventDate "2022.03.27"]

1. d4 Nf6 2. c4 e6 3. Nf3 d5 4. Nc3 Be7 5. Bf4 O-O 6. e3 b6 7. cxd5 exd5 8. Bd3
c5 9. Ne5 Bb7 10. O-O Ne4 11. Qc2 Na6 12. Nxe4 Nb4 13. Nf6+ gxf6 14. Bxh7+ Kh8
15. Qf5 fxe5 16. Qh5 1-0

[Event "22nd ch-EUR Indiv 2022"]
[Site "Terme Catez SLO"]
[Date "2022.03.31"]
[Round "5.76"]
[White "Samunenkov, Ihor"]
[Black "Vetoshko, Volodymyr"]
[Result "1-0"]
[WhiteTitle "FM"]
[BlackTitle "GM"]
[WhiteElo "2372"]
[BlackElo "2507"]
[WhiteFideId "14187086"]
[BlackFideId "14122480"]
[EventDate "2022.03.27"]

1. d4 Nf6 2. c4 g6 3. Nc3 Bg7 4. e4 d6 5. h3 O-O 6. Bg5 c5 7. d5 e6 8. Nf3 exd5
9. cxd5 Re8 10. Bd3 c4 11. Bc2 b5 12. O-O a6 13. Re1 Nbd7 14. Nd4 Qc7 15. Qd2
Nc5 16. f3 Nfd7 17. Be3 Ne5 18. b4 Ncd3 19. Reb1 f5 20. f4 Nf7 21. Bxd3 cxd3 22.
Rc1 Qe7 23. Qxd3 fxe4 24. Qd2 Qh4 25. Re1 Bd7 26. Bf2 Qh5 27. Re2 a5 28. bxa5 b4
29. Nxe4 Qxd5 30. Rae1 Qxa5 31. Nb3 Qa6 32. Bd4 Bb5 33. Re3 d5 34. Bxg7 Rxe4 35.
Rxe4 dxe4 36. Ba1 Qxa2 37. Qd4 Qa7 38. Nc5 Kf8 39. Qg7+ Ke7 40. Rxe4+ Kd6 41.
Re6+ 1-0

[Event "22nd ch-EUR Indiv 2022"]
[Site "Terme Catez SLO"]
[Date "2022.03.31"]
[Round "5.77"]
[White "Druska, Juraj"]
[Black "Bethke, Richard"]
[Result "1/2-1/2"]
[WhiteTitle "IM"]
[BlackTitle "FM"]
[WhiteElo "2503"]
[BlackElo "2327"]
[WhiteFideId "14915650"]
[BlackFideId "12959243"]
[EventDate "2022.03.27"]

1. d4 f5 2. c4 Nf6 3. Nc3 e6 4. Qc2 d5 5. Bf4 Bd6 6. Bxd6 Qxd6 7. Nf3 b6 8. e3
O-O 9. Be2 Ba6 10. O-O Ne4 11. a4 Nxc3 12. bxc3 Bxc4 13. Bxc4 dxc4 14. Qe2 Qd5
15. Nd2 Nc6 16. Qxc4 Rad8 17. Rfb1 e5 18. Rb5 Qxc4 19. Nxc4 a6 20. Rb2 f4 21.
Re1 Rfe8 22. Rd1 fxe3 23. fxe3 exd4 24. cxd4 Ne7 25. Rf1 Nd5 26. Rf3 Re4 27. h3
Rde8 28. Rb3 b5 29. axb5 axb5 30. Nd2 Rxe3 31. Rxb5 Re1+ 32. Rf1 Nc3 33. Rb4 Nd5
34. Rb5 Nc3 35. Rb4 Nd5 36. Rb3 Rxf1+ 37. Kxf1 Ne3+ 38. Kf2 Nc2 39. Nf3 Rd8 40.
Rc3 Nxd4 41. Nxd4 Rxd4 42. Rxc7 1/2-1/2

[Event "22nd ch-EUR Indiv 2022"]
[Site "Terme Catez SLO"]
[Date "2022.03.31"]
[Round "5.78"]
[White "Szwed, Jacek"]
[Black "Maurizzi, Marc'Andria"]
[Result "1-0"]
[WhiteTitle "FM"]
[BlackTitle "GM"]
[WhiteElo "2357"]
[BlackElo "2493"]
[WhiteFideId "1126431"]
[BlackFideId "36083534"]
[EventDate "2022.03.27"]

1. e4 c5 2. Nf3 Nc6 3. d4 cxd4 4. Nxd4 Nf6 5. Nc3 d6 6. Bg5 e6 7. Bb5 Bd7 8.
Bxc6 bxc6 9. O-O Be7 10. e5 dxe5 11. Nf3 Qc7 12. Re1 Bd6 13. Bxf6 gxf6 14. Nd2
h5 15. Nc4 Be7 16. Qf3 O-O-O 17. b4 c5 18. b5 Qb7 19. Ne4 Be8 20. Rad1 Bxb5 21.
Rb1 Qa6 22. Ned6+ Bxd6 23. Nxd6+ Qxd6 24. Rxb5 Qd5 25. Qa3 Kd7 26. Qxa7+ Ke8 27.
Rb7 Rd7 28. Rxd7 Qxd7 29. Qxc5 Qe7 30. Qc6+ Kf8 31. Re3 h4 32. h3 Kg7 33. Qe4
Rh6 34. Rb3 Qd6 35. Rd3 Qc5 36. Rd7 f5 37. Qb7 Rf6 38. Qc7 Qb5 39. a3 Qb1+ 40.
Kh2 Qe1 41. Qc5 Qe4 42. Qb4 Qa8 43. Qxh4 Rg6 44. f3 Qxa3 45. Rd8 Rh6 46. Qg5+
Rg6 47. Qh4 Rh6 48. Qg3+ Kf6 49. Rg8 Qe3 50. Qg7+ Ke7 51. Qf8+ Kd7 52. Qxf7+ Kc6
53. Rc8+ Kb6 54. Qc7+ Ka6 55. Qc4+ Kb6 56. Rc6+ 1-0

[Event "22nd ch-EUR Indiv 2022"]
[Site "Terme Catez SLO"]
[Date "2022.03.31"]
[Round "5.79"]
[White "Prokofiev, Valentyn"]
[Black "Saraci, Nderim"]
[Result "1/2-1/2"]
[BlackTitle "IM"]
[WhiteElo "2287"]
[BlackElo "2488"]
[WhiteFideId "14160161"]
[BlackFideId "6351921"]
[EventDate "2022.03.27"]

1. e4 c5 2. Nf3 Nc6 3. d4 cxd4 4. Nxd4 g6 5. c4 Bg7 6. Be3 Nf6 7. Nc3 d6 8. Be2
O-O 9. O-O Bd7 10. h3 Nxd4 11. Bxd4 Bc6 12. Qc2 a5 13. Rfe1 Nd7 14. Bxg7 Kxg7
15. Nd5 e6 16. Rad1 Bxd5 17. Qc3+ e5 18. Rxd5 Nf6 19. Rdd1 Nxe4 20. Qd3 f5 21.
Bf3 Nc5 22. Qxd6 Qxd6 23. Rxd6 e4 24. Be2 Rae8 25. Red1 Rf6 26. R6d5 b6 27. f4
exf3 28. Bxf3 Rfe6 29. Rd6 Rxd6 30. Rxd6 Re6 31. Rd1 Kf6 32. Rd8 Kg5 33. Kf2 h5
34. g3 h4 35. g4 Kf4 36. gxf5 gxf5 37. b3 Re3 38. Rd4+ Ne4+ 39. Bxe4 fxe4 40.
Rd6 Rf3+ 41. Ke2 Rxh3 42. Rf6+ Ke5 43. Rxb6 Rh1 44. Rh6 Kd4 45. Rd6+ Kc5 46.
Rd5+ Kb4 47. Ke3 Kc3 48. Kxe4 h3 49. Rd3+ Kc2 50. Re3 h2 51. Re2+ Kc3 52. c5 Kb4
53. c6 Rc1 1/2-1/2

[Event "22nd ch-EUR Indiv 2022"]
[Site "Terme Catez SLO"]
[Date "2022.03.31"]
[Round "5.80"]
[White "Deuer, Marius"]
[Black "Ioannidis, Evgenios"]
[Result "1/2-1/2"]
[WhiteTitle "FM"]
[BlackTitle "IM"]
[WhiteElo "2304"]
[BlackElo "2481"]
[WhiteFideId "16236432"]
[BlackFideId "4229274"]
[EventDate "2022.03.27"]

1. d4 Nf6 2. c4 e6 3. Nf3 d5 4. Nc3 Nbd7 5. Bg5 h6 6. Bh4 Be7 7. cxd5 Nxd5 8.
Bxe7 Qxe7 9. e4 Nxc3 10. bxc3 c5 11. Bd3 O-O 12. O-O b6 13. a4 Bb7 14. a5 cxd4
15. cxd4 e5 16. a6 Bc8 17. Bc4 Rb8 18. Bd5 b5 19. Qc2 exd4 20. Rfc1 Ne5 21. Nxe5
Qxe5 22. Qc5 Be6 23. Bxe6 Qxc5 24. Bxf7+ Rxf7 25. Rxc5 b4 26. Kf1 b3 27. Rc6 d3
28. f3 Rd7 29. Ke1 d2+ 30. Kd1 Rd3 31. Rb1 Rbd8 32. Rb2 Kh7 33. Rc7 R8d6 34. Rb7
Rc3 35. Rxd2 Rxa6 36. Rb2 Rg6 37. R7xb3 Rxb3 38. Rxb3 Rxg2 39. Ra3 Rxh2 40. Rxa7
h5 41. Ke1 Kh6 42. e5 Kg6 43. e6 Rb2 44. e7 Rb8 45. Kf2 Kf6 46. Kg3 Re8 47. Kh4
g6 48. Ra6+ Kf5 49. Ra5+ Kf4 50. Rg5 Rxe7 51. Rxg6 Kxf3 1/2-1/2

[Event "22nd ch-EUR Indiv 2022"]
[Site "Terme Catez SLO"]
[Date "2022.03.31"]
[Round "5.81"]
[White "Beydullayeva, Govhar"]
[Black "Ahmadzada, Ahmad"]
[Result "1/2-1/2"]
[WhiteTitle "WIM"]
[BlackTitle "IM"]
[WhiteElo "2308"]
[BlackElo "2480"]
[WhiteFideId "13413015"]
[BlackFideId "13413007"]
[EventDate "2022.03.27"]

1. d4 Nf6 2. c4 c5 3. d5 e6 4. Nc3 exd5 5. cxd5 d6 6. Nf3 g6 7. Bf4 a6 8. a4 Bg7
9. h3 O-O 10. e3 Qe7 11. Be2 Nh5 12. Bh2 f5 13. O-O f4 14. Qc2 Nd7 15. Rae1 fxe3
16. fxe3 Nhf6 17. Bc4 Ne8 18. e4 Ne5 19. Nxe5 Bxe5 20. Bxe5 Qxe5 21. Rxf8+ Kxf8
22. Rf1+ Kg7 23. Qb3 Nf6 24. Qb6 Qe7 25. a5 g5 26. e5 Qxe5 27. Qc7+ Bd7 28. Rxf6
Kxf6 1/2-1/2

[Event "22nd ch-EUR Indiv 2022"]
[Site "Terme Catez SLO"]
[Date "2022.03.31"]
[Round "5.82"]
[White "Loiseau, Quentin"]
[Black "Stremavicius, Pijus"]
[Result "0-1"]
[WhiteTitle "IM"]
[BlackTitle "FM"]
[WhiteElo "2474"]
[BlackElo "2320"]
[WhiteFideId "665274"]
[BlackFideId "12812730"]
[EventDate "2022.03.27"]

1. e4 c5 2. Ne2 Nc6 3. d4 cxd4 4. Nxd4 Nf6 5. Nc3 e6 6. Nxc6 bxc6 7. e5 Nd5 8.
Ne4 Qc7 9. f4 Qa5+ 10. Qd2 Qb6 11. a3 f5 12. exf6 Nxf6 13. Nxf6+ gxf6 14. Be2 h5
15. Qc3 Be7 16. Be3 c5 17. O-O-O Bb7 18. f5 e5 19. Bc4 Rb8 20. Bd5 d6 21. g3
Bxd5 22. Rxd5 Rg8 23. Rhd1 Rg4 24. b3 a5 25. a4 Bf8 26. Qe1 Qa6 27. Bf4 c4 28.
Rxa5 Qc6 29. Kb2 Rg7 30. b4 Rd7 31. c3 Be7 32. Be3 d5 33. Qe2 d4 34. Qxh5+ Kd8
35. Qh8+ Kc7 36. Ra7+ Rb7 37. Ra8 Bd8 38. Rxd4 exd4 39. Bf4+ Kb6 40. Rxd8 dxc3+
41. Kxc3 Qf3+ 42. Kb2 Qb3+ 43. Kc1 Qc3+ 44. Kb1 Qxb4+ 0-1

[Event "22nd ch-EUR Indiv 2022"]
[Site "Terme Catez SLO"]
[Date "2022.03.31"]
[Round "5.83"]
[White "Subelj, Jan"]
[Black "Karsay, Pascal"]
[Result "1-0"]
[WhiteTitle "IM"]
[BlackTitle "FM"]
[WhiteElo "2468"]
[BlackElo "2310"]
[WhiteFideId "14618583"]
[BlackFideId "12953474"]
[EventDate "2022.03.27"]

1. e4 c5 2. Nf3 d6 3. c3 Nf6 4. h3 Nc6 5. Bd3 e5 6. Bc2 d5 7. d3 Be7 8. O-O O-O
9. Nbd2 Re8 10. Re1 d4 11. Nc4 Qc7 12. Ba4 Nd7 13. Bxc6 bxc6 14. Qc2 f6 15. Bd2
Ba6 16. cxd4 cxd4 17. Rec1 Nc5 18. b4 Ne6 19. Qa4 Bc8 20. Na5 Bd7 21. Nxc6 Bf8
22. b5 Qb6 23. Qc4 Kh8 24. Qd5 Qb7 25. a4 a6 26. Rab1 Nf4 27. Bxf4 Be6 28. bxa6
Qxb1 29. Rxb1 Bxd5 30. exd5 Rxa6 31. Bg3 Rxa4 32. Nd2 Ra3 33. Nc4 Rxd3 34. d6
Bxd6 35. Nxd6 Rf8 36. Bxe5 Rc3 37. Ne7 1-0

[Event "22nd ch-EUR Indiv 2022"]
[Site "Terme Catez SLO"]
[Date "2022.03.31"]
[Round "5.84"]
[White "Bilovil, Bogdan"]
[Black "Neverov, Valeriy"]
[Result "0-1"]
[BlackTitle "GM"]
[WhiteElo "2272"]
[BlackElo "2453"]
[WhiteFideId "14168766"]
[BlackFideId "14100150"]
[EventDate "2022.03.27"]

1. d4 Nf6 2. c4 g6 3. Nc3 Bg7 4. e4 d6 5. Be2 O-O 6. Bg5 Na6 7. Qd2 c6 8. Rd1
Qa5 9. Nf3 e5 10. d5 cxd5 11. Bxf6 Bxf6 12. Nxd5 Qxd2+ 13. Nxd2 Bd8 14. O-O Nc7
15. Nb1 Nxd5 16. Rxd5 Be7 17. b3 Be6 18. Rd2 Rfc8 19. Nc3 a6 20. a4 Rc6 21. Nd5
Bd8 22. Rfd1 Kg7 23. Ne3 Be7 24. Nd5 Bg5 25. Rd3 Rf8 26. Bf3 h5 27. Nb4 Rb6 28.
Nc2 Be7 29. Ne3 Rc8 30. h3 Rc5 31. Be2 Bg5 32. Nc2 Kf8 33. Ra1 Ke7 34. Na3 Rc8
35. Rad1 h4 36. Bf3 Bf4 37. Re1 Rbc6 38. Red1 Rb6 39. Re1 Rbc6 40. Red1 Rd8 41.
Kh1 Rd7 42. Kg1 Bg5 43. Be2 Ke8 44. Nb1 Bd8 45. Nd2 Rc8 46. Bg4 f5 47. Bf3 Bb6
48. Nb1 Bd4 49. Na3 Bc5 50. Nb1 Bb4 51. Re3 Ke7 52. Red3 Rdc7 53. Kh2 Rf8 54.
Kg1 Rb8 55. Nd2 b5 56. axb5 axb5 57. cxb5 Rxb5 58. Nc4 Bxc4 59. bxc4 Rxc4 60.
Rb3 Rbc5 61. exf5 gxf5 62. Be2 Re4 63. Bd3 Rd4 64. Rdb1 f4 65. Bh7 Bd2 66. Rb7+
Kf6 67. Kf1 Rc1+ 68. Rxc1 Bxc1 69. Ke2 Rd2+ 70. Ke1 Ra2 71. Bb1 Ra8 72. Rh7 Bb2
73. Ke2 Bd4 74. Rxh4 Ra1 75. Be4 Ra2+ 76. Kd3 Bxf2 77. Rh6+ Ke7 78. Bc6 Bc5 79.
h4 Ra6 80. Bb7 Ra4 81. Bc6 e4+ 82. Ke2 Ra2+ 83. Kf1 Ra1+ 84. Ke2 Ra2+ 85. Kd1 e3
86. Bf3 Bb4 87. Rh7+ Kf6 88. Rb7 Ba5 89. Ra7 d5 90. h5 d4 91. Rd7 Rd2+ 92. Kc1
d3 93. Rd6+ Ke7 94. Rd4 e2 95. Re4+ Kd6 0-1

[Event "22nd ch-EUR Indiv 2022"]
[Site "Terme Catez SLO"]
[Date "2022.03.31"]
[Round "5.85"]
[White "Muetsch, Annmarie"]
[Black "Gokerkan, Cem Kaan"]
[Result "0-1"]
[WhiteTitle "WIM"]
[BlackTitle "IM"]
[WhiteElo "2263"]
[BlackElo "2445"]
[WhiteFideId "12971367"]
[BlackFideId "6336760"]
[EventDate "2022.03.27"]

1. e4 c5 2. Nf3 d6 3. d4 Nf6 4. Nc3 cxd4 5. Nxd4 a6 6. Bg5 e6 7. f4 Qb6 8. Qd2
Nc6 9. Nb3 Ng4 10. f5 h6 11. Bf4 Be7 12. h3 Nge5 13. O-O-O Bd7 14. g4 Qc7 15.
Be2 b5 16. Kb1 Rb8 17. fxe6 fxe6 18. Rdf1 Nc4 19. Qc1 N6e5 20. g5 h5 21. Nd1 g6
22. Bg3 a5 23. Nd4 b4 24. Rh2 a4 25. Rhf2 Qc5 26. Bxc4 Nxc4 27. c3 Bxg5 28. Qc2
bxc3 29. Qxc3 Nd2+ 30. Kc2 Qxc3+ 31. Nxc3 Nxf1 32. Rxf1 e5 33. Nf3 O-O 34. h4
Bd8 35. Nd2 Rxf1 36. Nxf1 Ba5 37. Nd5 Be6 0-1

[Event "22nd ch-EUR Indiv 2022"]
[Site "Terme Catez SLO"]
[Date "2022.03.31"]
[Round "5.86"]
[White "Gorshtein, Ido"]
[Black "Uruci, Endrit"]
[Result "1-0"]
[WhiteTitle "IM"]
[BlackTitle "FM"]
[WhiteElo "2445"]
[BlackElo "2304"]
[WhiteFideId "2815532"]
[BlackFideId "22100199"]
[EventDate "2022.03.27"]

1. Nf3 d5 2. c4 c6 3. d4 Nf6 4. Nc3 dxc4 5. a4 Bf5 6. e3 e6 7. Bxc4 Be7 8. O-O
O-O 9. Re1 a5 10. e4 Bg4 11. Be3 Na6 12. Be2 Nb4 13. Ne5 Bxe2 14. Qxe2 Nd7 15.
Nc4 Re8 16. Rac1 Bf8 17. Red1 Qh4 18. Qf3 Nf6 19. h3 h6 20. b3 Red8 21. Kh2 Ne8
22. Bf4 Bd6 23. Nxd6 Nxd6 24. Qg3 Qxg3+ 25. Bxg3 f6 26. f3 Kf7 27. Be1 Rac8 28.
Nb1 b6 29. Na3 Na6 30. Nc4 Nxc4 31. bxc4 c5 32. d5 Nb4 33. Bc3 g6 34. Rd2 Ke7
35. Rcd1 Rd7 36. h4 f5 37. Re1 f4 38. Bg7 h5 39. Bh6 e5 40. g3 fxg3+ 41. Kxg3
Kd6 42. f4 Rf7 43. Rf1 Rcc7 44. Rf3 Rcd7 45. Rdf2 exf4+ 46. Bxf4+ Rxf4 47. Kxf4
Rf7+ 48. Ke3 1-0

[Event "22nd ch-EUR Indiv 2022"]
[Site "Terme Catez SLO"]
[Date "2022.03.31"]
[Round "5.87"]
[White "Bauer, Thomas"]
[Black "Ibrahimli, Murad"]
[Result "0-1"]
[WhiteTitle "CM"]
[BlackTitle "IM"]
[WhiteElo "2224"]
[BlackElo "2432"]
[WhiteFideId "1639293"]
[BlackFideId "13410229"]
[EventDate "2022.03.27"]

1. e4 e5 2. Nf3 Nc6 3. Bb5 a6 4. Ba4 Nf6 5. d3 b5 6. Bb3 Be7 7. O-O O-O 8. Bd2
d6 9. Re1 Bg4 10. Bc3 b4 11. Bd2 Nd4 12. Bxb4 Bxf3 13. gxf3 Nh5 14. Bd2 Bg5 15.
Kh1 Bf4 16. Rg1 Qh4 17. Rg2 Qh3 18. Bxf4 Nxf4 19. Rg3 Qh5 20. Nc3 c6 21. Bc4 a5
22. a3 Kh8 23. Rb1 f5 24. exf5 d5 25. Ba2 Rf6 26. Rg4 Nh3 27. Qf1 Nxf3 28. Rg3
Rh6 29. Rxh3 Qxh3 30. Qxh3 Rxh3 31. Kg2 Ng5 32. Re1 Re8 33. Re2 Rh4 34. Bb3 Rg4+
35. Kf1 Nf3 36. Re3 Rg1+ 37. Ke2 Nd4+ 38. Kd2 Nxb3+ 0-1

[Event "22nd ch-EUR Indiv 2022"]
[Site "Terme Catez SLO"]
[Date "2022.03.31"]
[Round "5.88"]
[White "Sahidi, Samir"]
[Black "Zirkelbach, Maj"]
[Result "1-0"]
[WhiteTitle "IM"]
[BlackTitle "FM"]
[WhiteElo "2432"]
[BlackElo "2295"]
[WhiteFideId "14936372"]
[BlackFideId "14613395"]
[EventDate "2022.03.27"]

1. d4 Nf6 2. c4 e6 3. Nf3 d5 4. g3 Bb4+ 5. Bd2 Be7 6. Bg2 c6 7. Qc2 Nbd7 8. O-O
O-O 9. Nc3 b6 10. Bf4 Ba6 11. Nd2 Nh5 12. Rac1 Nxf4 13. gxf4 f5 14. Kh1 Kh8 15.
cxd5 exd5 16. Nf3 Bb7 17. Rg1 Rc8 18. e3 g6 19. Qa4 a5 20. Qb3 b5 21. Ne2 b4 22.
Ne5 Ba6 23. Ng3 Nxe5 24. dxe5 Qb6 25. Qc2 Rfd8 26. Bf1 c5 27. Bxa6 Qxa6 28. Rgd1
d4 29. b3 h5 30. Kg1 h4 31. Nf1 Qb7 32. Qe2 d3 33. Rxd3 Rxd3 34. Qxd3 g5 35.
Qxf5 Rg8 36. e4 gxf4+ 37. Kh1 Bg5 38. Rd1 Qg7 39. Rd7 Qh6 40. Nd2 f3 41. Nxf3
Be7 42. Rd1 Rf8 43. Qg4 Rf4 44. Qh3 Qg6 45. Nd2 Rxf2 46. Rg1 Qh6 47. Qg4 Qh7 48.
Nf3 Bd8 49. e6 Bc7 50. e7 Qf7 51. Qxh4+ 1-0

[Event "22nd ch-EUR Indiv 2022"]
[Site "Terme Catez SLO"]
[Date "2022.03.31"]
[Round "5.89"]
[White "Kochavi, Ori"]
[Black "Haring, Filip"]
[Result "0-1"]
[WhiteTitle "FM"]
[BlackTitle "FM"]
[WhiteElo "2253"]
[BlackElo "2425"]
[WhiteFideId "2816873"]
[BlackFideId "14933080"]
[EventDate "2022.03.27"]

1. e4 c5 2. Nf3 e6 3. d4 cxd4 4. Nxd4 a6 5. Bd3 Qc7 6. O-O Nf6 7. Qe2 d6 8. c4
Be7 9. Nc3 Nbd7 10. f4 O-O 11. Be3 b6 12. Rac1 Bb7 13. b4 Rac8 14. g4 g6 15. g5
Nh5 16. Qg4 Qd8 17. Nce2 e5 18. Nf5 exf4 19. Nh6+ Kh8 20. Bd4+ Ne5 21. Nxf4 Bxg5
22. Ne6 fxe6 23. Rxf8+ Qxf8 24. Qxg5 Qf6 25. Qxf6+ Nxf6 26. Bxe5 dxe5 27. Nf7+
Kg7 28. Nd6 Rc7 29. c5 bxc5 30. bxc5 a5 31. Nxb7 Rxb7 32. c6 Rc7 33. Kf2 Kf7 34.
Ke3 Ke7 35. Bb5 Kd6 36. Rd1+ Kc5 37. a4 Rc8 38. Rc1+ Kb6 39. Rd1 Kc7 40. h3 g5
41. Bc4 Kxc6 42. Bxe6 Rb8 43. Rf1 Nh5 44. Bd5+ Kd6 45. Rc1 Rb6 46. Rc8 Nf4 47.
Kf3 h5 48. Ra8 Nxh3 49. Rxa5 Nf4 50. Ra8 Rb1 51. Ra6+ Kc5 52. Rc6+ Kd4 53. Rc2
Rg1 54. Ra2 g4+ 55. Kf2 Rg2+ 56. Kf1 Rxa2 57. Bxa2 g3 58. a5 Ke3 59. Bc4 Kf3 0-1

[Event "22nd ch-EUR Indiv 2022"]
[Site "Terme Catez SLO"]
[Date "2022.03.31"]
[Round "5.90"]
[White "Stoyanov, Tsvetan"]
[Black "Dalaud, Dorian"]
[Result "1-0"]
[WhiteTitle "IM"]
[BlackTitle "FM"]
[WhiteElo "2424"]
[BlackElo "2293"]
[WhiteFideId "2917173"]
[BlackFideId "36093270"]
[EventDate "2022.03.27"]

1. e4 c5 2. Nf3 Nc6 3. Bb5 g6 4. O-O Bg7 5. Re1 e5 6. b4 Nxb4 7. Bb2 a6 8. a3
axb5 9. axb4 Rxa1 10. Bxa1 d6 11. bxc5 Ne7 12. Qe2 b4 13. Qb5+ Nc6 14. d4 dxc5
15. d5 Qa5 16. Qxa5 Nxa5 17. Bxe5 f6 18. Bd6 b6 19. Bc7 Nc4 20. Nfd2 Kd7 21. Bg3
Na5 22. Nf1 Re8 23. Nbd2 c4 24. Ne3 Ba6 25. e5 fxe5 26. Ne4 b3 27. Ng4 bxc2 28.
Rc1 Re7 29. Rxc2 h5 30. Ne3 Bh6 31. d6 Rf7 32. Nd5 Kc6 33. Ne7+ Rxe7 34. dxe7
Kd7 35. Nf6+ Kxe7 36. Ng8+ Kf7 37. Nxh6+ Kg7 38. Bxe5+ Kxh6 39. Bc7 Nc6 40. Bxb6
Nb4 41. Be3+ Kg7 42. Rb2 Nd5 43. Ra2 Bc8 44. Bd4+ Kf7 45. Ra4 Bf5 46. Rxc4 Nf4
47. Be3 Nd5 48. Bg5 Ke6 49. f3 Bd3 50. Rc5 Bf5 51. Kf2 1-0

[Event "22nd ch-EUR Indiv 2022"]
[Site "Terme Catez SLO"]
[Date "2022.03.31"]
[Round "5.91"]
[White "Kilgus, Georg"]
[Black "Rakhmangulova, Anastasiya"]
[Result "1-0"]
[WhiteTitle "IM"]
[BlackTitle "WIM"]
[WhiteElo "2415"]
[BlackElo "2229"]
[WhiteFideId "1606212"]
[BlackFideId "14117479"]
[EventDate "2022.03.27"]

1. d4 Nf6 2. c4 c5 3. d5 e6 4. Nc3 d6 5. g3 exd5 6. cxd5 g6 7. Bg2 Bg7 8. Nf3
O-O 9. O-O Re8 10. Re1 Nbd7 11. Bf4 Ng4 12. Bg5 Qb6 13. Qb3 a6 14. Qxb6 Nxb6 15.
Nd2 h6 16. Bf4 Ne5 17. Bxe5 Bxe5 18. a4 Bd7 19. a5 Nc8 20. Nc4 Bf6 21. Ne4 Be7
22. Ned2 Na7 23. Nb6 Rad8 24. Nxd7 Rxd7 25. Nc4 Nb5 26. e3 Bf6 27. f4 Rde7 28.
Kf2 g5 29. Rh1 gxf4 30. gxf4 Bh4+ 31. Kf3 f5 32. Rad1 Kg7 33. Bf1 Kf6 34. Rg1
Rd8 35. Bd3 Rde8 36. Bc2 Rd8 37. Rg2 Rde8 38. Bb1 h5 39. Bc2 Rg7 40. Rxg7 Kxg7
41. Bxf5 Kf6 42. Bd7 Rd8 43. Bxb5 axb5 44. Na3 Ke7 45. Nxb5 Bf6 46. Na3 Bxb2 47.
Nc4 Bc3 48. Rc1 Bb4 49. Rg1 1-0

[Event "22nd ch-EUR Indiv 2022"]
[Site "Terme Catez SLO"]
[Date "2022.03.31"]
[Round "5.92"]
[White "Damjanovic, Vuk"]
[Black "Katkov, Michelle"]
[Result "1-0"]
[WhiteTitle "FM"]
[BlackTitle "WFM"]
[WhiteElo "2409"]
[BlackElo "2149"]
[WhiteFideId "980021"]
[BlackFideId "2816393"]
[EventDate "2022.03.27"]

1. d4 Nf6 2. Bg5 d5 3. e3 c5 4. Bxf6 gxf6 5. dxc5 e5 6. c4 dxc4 7. Qa4+ Nc6 8.
Bxc4 Qa5+ 9. Nc3 Qxa4 10. Nxa4 Bd7 11. O-O-O Nd8 12. Nc3 Rc8 13. Nd5 Bg7 14. b4
Ne6 15. Kb1 Bc6 16. Ne2 Bxd5 17. Bxd5 Rc7 18. Nc3 a6 19. Be4 Rd7 20. Nd5 a5 21.
a3 axb4 22. axb4 Nd8 23. Bf5 Ne6 24. Nb6 Rc7 25. Nd5 Rc6 26. Bc2 Rc8 27. Ba4+
Kf8 28. Nb6 Rd8 29. Rxd8+ Nxd8 30. Rd1 Ke7 31. Nc8+ 1-0